000 00472nam a2200181Ia 4500
003 GCL
008 140319s9999 xx 000 0 eng d
040 _aGCL /
_cGCL
082 0 4 _a759.06
_bR C
100 1 _aREAD, HERBERT
245 1 0 _aA CONCISE HISTORY OF PAINTING /
_cREAD, HERBERT
260 _a[S.N] :
_bTHOMES AND HUDSON ،
_c1995
300 _a392
650 0 4 _aPAINTING
650 0 4 _aMODERN PAINTING HISTORY
650 0 4 _aPAINTING - HISTORY
942 _2ddc
_cBK
999 _c10792
_d10792